ՀՀ Գիտությունների ազգային ակադեմիայի հիմնարար գիտական գրադարան  =   Fundamental Scientific Library of NAS RA

Ճարտարապետական հուշարձանների վերականգնումը : (Record no. 76631)

MARC details
000 -LEADER
fixed length control field 01359nam a2200301 u 4500
001 - CONTROL NUMBER
control field 000218667
003 - CONTROL NUMBER IDENTIFIER
control field AM-YeHGA
005 - DATE AND TIME OF LATEST TRANSACTION
control field 20250618071511.0
008 - FIXED-LENGTH DATA ELEMENTS--GENERAL INFORMATION
fixed length control field 030417s2003 ai a|||gr|||||||||0|arm|d
020 ## - INTERNATIONAL STANDARD BOOK NUMBER
International Standard Book Number 999308896X
040 ## - CATALOGING SOURCE
Original cataloging agency AM-YeHGA
041 0# - LANGUAGE CODE
Language code of text/sound track or separate title arm
080 ## - UNIVERSAL DECIMAL CLASSIFICATION NUMBER
Universal Decimal Classification number 72(07)
090 ## - LOCALLY ASSIGNED LC-TYPE CALL NUMBER (OCLC); LOCAL CALL NUMBER (RLIN)
Classification number (OCLC) (R) ; Classification number, CALL (RLIN) (NR) Հ-422
090 ## - LOCALLY ASSIGNED LC-TYPE CALL NUMBER (OCLC); LOCAL CALL NUMBER (RLIN)
-- 77870
100 1# - MAIN ENTRY--PERSONAL NAME
Personal name Հարությունյան, Վարազդատ Մարտիրոսի,
Dates associated with a name 1909-2008
9 (RLIN) 1194
245 10 - TITLE STATEMENT
Title Ճարտարապետական հուշարձանների վերականգնումը :
Remainder of title Ուս. ձեռնարկ /
Statement of responsibility, etc. Վ. Հարությունյան, Գ. Նալբանդյան, Ա. Գրիգորյան ; ՀՀ կրթ. և գիտ. նախ., Եր. ճարտարապետ. և շին. պետ. համալս.
260 ## - PUBLICATION, DISTRIBUTION, ETC.
Place of publication, distribution, etc. Երևան :
Name of publisher, distributor, etc. Դար,
Date of publication, distribution, etc. 2003.
300 ## - PHYSICAL DESCRIPTION
Extent 280 էջ :
Other physical details նկ. ;
Dimensions 24 սմ.
504 ## - BIBLIOGRAPHY, ETC. NOTE
Bibliography, etc. note Հավելված՚ էջ 224-274
504 ## - BIBLIOGRAPHY, ETC. NOTE
Bibliography, etc. note Մատենագիտ.՚ էջ 275-277(60 անուն)
650 14 - SUBJECT ADDED ENTRY--TOPICAL TERM
Topical term or geographic name entry element Ճարտարապետություն
Geographic subdivision Հայաստան
9 (RLIN) 5872
700 1# - ADDED ENTRY--PERSONAL NAME
Personal name Նալբանդյան, Գ.
700 1# - ADDED ENTRY--PERSONAL NAME
Personal name Գրիգորյան, Արծվին Հայկի,
Dates associated with a name 1935-
9 (RLIN) 1655
710 2# - ADDED ENTRY--CORPORATE NAME
Corporate name or jurisdiction name as entry element ՀՀ կրթության ևգիտութան նախարարություն
710 2# - ADDED ENTRY--CORPORATE NAME
Corporate name or jurisdiction name as entry element Երևանի ճարտարապետության և շինարարության պետական համալսարան
942 ## - ADDED ENTRY ELEMENTS (KOHA)
Source of classification or shelving scheme Universal Decimal Classification
Koha item type Գրքեր / Books
Holdings
Withdrawn status Lost status Damaged status Not for loan Collection Home library Current library Date acquired Total checkouts Full call number Barcode Date last seen Copy number Price effective from Koha item type Public note
        General Fundamental Scientific Library Fundamental Scientific Library 22/12/2016   AII/87920 220087920 22/12/2016 72(479.25)(075.8) 22/12/2016 Գրքեր / Books 30 Days Loan
        General Fundamental Scientific Library Fundamental Scientific Library 22/12/2016   AII/87921 220087921 22/12/2016 72(479.25)(075.8) 22/12/2016 Գրքեր / Books 30 Days Loan
        General Fundamental Scientific Library Fundamental Scientific Library 22/12/2016   AII/88086 220088086 22/12/2016 72(479.25)(075.8) 22/12/2016 Գրքեր / Books 30 Days Loan


ՀՀ ԳԱԱ հիմնարար գիտական գրադարան
ՀՀ,Երևան 0019
Մարշալ Բաղրամյան 24/6
հեռախոս:(374-10) 52-47-50
Հետադարձ կապ

All site content, except where otherwise noted, is licensed under a
Creative Commons License